仙台駅から出ている鉄道の行先 - Statistics

General Stats
  • This quiz has been taken 114 times
  • The average score is 26 of 38
Answer Stats
Answer % Correct
新函館北斗
95%
東京
95%
盛岡
94%
新青森
93%
山形
92%
郡山
91%
郡山
91%
福島
89%
石巻
88%
石巻
88%
仙台空港
88%
原ノ町
85%
秋田
80%
小牛田
76%
松島
75%
岩沼
74%
品川
72%
愛子
69%
白石
69%
一ノ関
66%
あおば通
65%
女川
65%
松島海岸
64%
利府
60%
八木山動物公園
57%
多賀城
56%
泉中央
56%
作並
55%
高城町
53%
富沢
49%
新地
48%
東塩釜
48%
荒井
46%
石越
45%
山下
44%
小鶴新田
41%
大河原
27%
梁川
27%
No matching quizzes found
Score Distribution
Percent of People with Each Score
Percentile by Number Answered
Your Score History
You have not taken this quiz